[Event "Lovfalds 15th B"]
[Site "Ringsted"]
[Date "2001.09.15"]
[Round "3"]
[White "Bruun, Esben Wilson"]
[Black "Pedersen, Hans Dahl"]
[Result "1-0"]
[WhiteElo "1854"]
[BlackElo "2120"]
[PlyCount "75"]
[EventDate "2001.09.14"]
[EventType "tourn"]
[EventRounds "5"]
[EventCountry "DEN"]
[SourceTitle "EXT 2023"]
[Source "ChessBase"]
[SourceDate "2022.10.05"]
[SourceVersion "1"]
[SourceVersionDate "2022.10.05"]
[SourceQuality "1"]

1. d4 d5 2. c4 c6 3. Nc3 Nf6 4. Nf3 e6 5. Bg5 h6 6. Bh4 dxc4 7. Bxf6 gxf6 8. e3 b5 9. a4 Bb4 10. Be2 Bb7 11. 0-0 a6 12. e4 Bxc3 13. bxc3 Nd7 14. e5 f5 15. Rb1 Nb6 16. Qd2 Qc7 17. Qc2 Rg8 18. Kh1 Rg7 19. axb5 cxb5 20. Nh4 Qe7 21. Bf3 Nd5 22. g3 Bc6 23. Ra1 Qb7 24. Qd2 Rh7 25. Kg1 Qe7 26. Ng2 Qb7 27. Ra3 Nb6 28. Bxc6+ Qxc6 29. Rfa1 Na4 30. Nf4 0-0-0 31. Nh5 Rhh8 32. Nf6 Kb7 33. Qc2 Qf3 34. Rxa4 bxa4 35. Qxa4 Qc6 36. Rb1+ Kc7 37. Qa5+ Kc8 38. Rb6 1-0

[Event "Lovfalds 15th B"]
[Site "Ringsted"]
[Date "2001.09.14"]
[Round "1"]
[White "Bruun, Esben Wilson"]
[Black "Christensen, Thomas1"]
[Result "1-0"]
[WhiteElo "1854"]
[BlackElo "1981"]
[PlyCount "111"]
[EventDate "2001.09.14"]
[EventType "tourn"]
[EventRounds "5"]
[EventCountry "DEN"]
[SourceTitle "EXT 2023"]
[Source "ChessBase"]
[SourceDate "2022.10.05"]
[SourceVersion "1"]
[SourceVersionDate "2022.10.05"]
[SourceQuality "1"]

1. d4 Nf6 2. c4 e5 3. d5 Bc5 4. Nc3 d6 5. e3 Bf5 6. Nf3 Nbd7 7. Be2 e4 8. Nd4 Bg6 9. Rb1 Ne5 10. b4 Bb6 11. 0-0 h5 12. Na4 Bxd4 13. exd4 Neg4 14. Rb3 Qd7 15. Rg3 Nh6 16. Bg5 Nf5 17. Rh3 Nh7 18. Bf4 h4 19. Nc3 Qe7 20. Bd3 Nh6 21. Nxe4 Bxe4 22. Re1 f5 23. f3 g5 24. fxe4 0-0-0 25. exf5 Qf6 26. Re6 Qxd4+ 27. Be3 Qg7 28. Rg6 Qf8 29. Bxg5 Nxg5 30. Rxg5 Qf6 31. Qd2 Nf7 32. Rg4 Rde8 33. Re3 Ne5 34. Rf4 Qg5 35. Rf2 Ref8 36. Rh3 Qf6 37. Qc2 Ng4 38. Rf1 Qd4+ 39. Kh1 Re8 40. Qd2 Ne3 41. f6 Nxf1 42. Bf5+ Kb8 43. Qxd4 Re1 44. Kg1 Ng3+ 45. Kf2 Rf1+ 46. Ke3 Nxf5+ 47. Ke2 Nxd4+ 48. Kxf1 Nf5 49. g4 Rf8 50. g5 Kc8 51. Kf2 Kd7 52. Kf3 Nd4+ 53. Kg4 Rh8 54. g6 Ke8 55. Re3+ Kf8 56. g7+ 1-0